Evaluation for the real world: the impact of evidence in policy making (Record no. 443821)

000 -LEADER
fixed length control field 00506cam a22001577a 4500
008 - FIXED-LENGTH DATA ELEMENTS--GENERAL INFORMATION
fixed length control field 180718b2012 xxu||||| |||| 00| 0 eng d
020 ## - INTERNATIONAL STANDARD BOOK NUMBER
International Standard Book Number 9781847429148
082 ## - DEWEY DECIMAL CLASSIFICATION NUMBER
Classification number B3 P175e
100 ## - MAIN ENTRY--PERSONAL NAME
Personal name Palfrey, Colin
245 ## - TITLE STATEMENT
Title Evaluation for the real world: the impact of evidence in policy making
Statement of responsibility, etc. by Colin Palfrey, Paul Thomas and Ceri Phillips
260 ## - PUBLICATION, DISTRIBUTION, ETC.
Place of publication, distribution, etc. Bristol
Name of publisher, distributor, etc. Policy Press
Date of publication, distribution, etc. 2012
300 ## - PHYSICAL DESCRIPTION
Extent 248p.
650 ## - SUBJECT ADDED ENTRY--TOPICAL TERM
Topical term or geographic name entry element Political planning -- Evaluation
700 ## - ADDED ENTRY--PERSONAL NAME
Personal name Phillips, Ceri
700 ## - ADDED ENTRY--PERSONAL NAME
Personal name Thomas, Paul
Holdings
Withdrawn status Lost status Damaged status Not for loan Permanent Location Current Location Date acquired Full call number Barcode Date last seen Price effective from Koha item type
        Indian Institute of Public Administration Indian Institute of Public Administration 2014-05-19 B3 P175e 85663 2018-07-21 2018-07-21 Book

Powered by Koha